Fichajes Récord del Alavés - Estadísticas

Estadísticas generales
  • Esta prueba ha sido intentada 64 veces
    10 desde el último reinicio
  • La puntuación promedio es 12 de 21
Estadísticas de respuestas
$$$ Temporada Viene de... Jugador % Correcto
4.000.000 2023/24 Real Madrid Antonio Blanco
100%
2.000.000 2017/18 Valencia Mestalla Antonio Sivera
100%
2.240.000 2019/20 Newcastle United Joselu
100%
5.800.000 2025/26 Granada Lucas Boyé
100%
2.300.000 2019/20 West Ham Lucas Pérez
100%
3.000.000 2025/26 Real Madrid Castilla Youssef Enríquez
100%
3.000.000 2017/18 Real Madrid Burgui
67%
3.180.000 2016/17 Independiente Medellín Dani Torres
67%
4.000.000 2018/19 Celta de Vigo John Guidetti
67%
2.000.000 2019/20 Almería Luis Rioja
67%
2.000.000 2019/20 Girona Pere Pons
67%
2.000.000 2024/25 Atlético Madrid Santiago Mouriño
67%
2.000.000 2024/25 Oporto Toni Martínez
67%
2.500.000 2017/18 Universidad Católica Guillermo Maripán
33%
2.000.000 2017/18 Manchester City Rubén Sobrino
33%
3.500.000 2024/25 Godoy Cruz Tomás Conechny
33%
2.000.000 2016/17 Estrella Roja Aleksandar Katai
0%
3.000.000 2018/19 FC Astana Patrick Twumasi
0%
2.230.000 2019/20 Tigre Ramón Miérez
0%
2.900.000 2002/03 FC Barcelona Richard Dutruel
0%
2.800.000 2017/18 AC Milan Rodrigo Ely
0%
No se encontraron pruebas coincidentes
Distribución de puntuación
Porcentaje de gente con cada puntuación
Porcentaje por número respondido
Historial de tus puntuaciones
No has intentado esta prueba desde el último reinicio